| 000 | 00724nam a2200217 a 4500 | ||
|---|---|---|---|
| 003 | PILC | ||
| 005 | 20150112093428.0 | ||
| 008 | 100713s19uu xx 00 eng d | ||
| 020 | _a9781571690463 | ||
| 050 |
_aQA 76.73.B3 _b.J473 1997 |
||
| 082 |
_aCSF 005.131 _bJ47 1997 |
||
| 100 |
_aJerke, Noel _97045 |
||
| 245 |
_aVBScript interactive course / _cNoel Jerke, Michael Hatmaker, Jonny Anderson. |
||
| 260 |
_aCorte Madera, CA : _bThe Waite Group, Inc, _c1997. |
||
| 300 |
_a736 pages : _billustration ; _c23 cm. |
||
| 500 | _aIncludes index. | ||
| 650 |
_aMicrosoft Visual Basic _xVBScript (computer program language) _97046 |
||
| 700 |
_aHatmaker, Michael _97047 |
||
| 700 |
_aAnderson, Jonny _97048 |
||
| 942 |
_2lcc _cBK |
||
| 999 |
_c14269 _d14269 |
||